书目信息 |
| 题名: |
圆了彩虹
|
|
| 作者: | 翟墨 著 | |
| 分册: | ||
| 出版信息: | 北京 人民文学出版社 1997.06 |
|
| 页数: | 523页 | |
| 开本: | 32开 | |
| 丛书名: | ||
| 单 册: | ||
| 中图分类: | K825.72 | |
| 科图分类: | ||
| 主题词: | 人物--传记--中国 | |
| 电子资源: | ||
| ISBN: | 7-02-002502-1 | |
| 000 | 00522nam0 2200193 45 | |
| 001 | 0005261054 | |
| 005 | 20000526100607.5 | |
| 010 | @a7-02-002502-1@d25.00元 | |
| 100 | @a20000526d1997 km y0chiy0120 ea | |
| 101 | @achi | |
| 105 | @a z 000yy | |
| 200 | 1 | @a圆了彩虹@AYuan Le Cai Hong@f翟墨著@FZhai Mo Zhu |
| 210 | @a北京@c人民文学出版社@d1997.06 | |
| 215 | @a523页@d32开 | |
| 606 | 0 | @a人物@x传记@x中国 |
| 690 | @aK825.72@v3 | |
| 701 | @a翟墨@4著 | |
| 801 | @aCN@bPftUser@c20000526 | |
| 905 | @f1@b56967@dK825.72@eH.064 | |
| 圆了彩虹/翟墨著.-北京:人民文学出版社,1997.06 |
| 523页;32开 |
| ISBN 7-02-002502-1:25.00元 |
| ● |
| 相关链接 |
|
|
|
正题名:圆了彩虹
索取号:K825.72/H.064
 
预约/预借
| 序号 | 登录号 | 条形码 | 馆藏地/架位号 | 状态 | 备注 |
| 1 | 56967 | 200569679 | 社科库309/309社科库 54排1列3层/ [索取号:K825.72/H.064] | 在馆 |